000 01028pam a2200301 a 4500
999 _c10128
_d10128
001 1577539
003 OSt
005 20191231132956.0
008 930720s1994 enka b 001 0 eng
010 _a 93005934
020 _a0582305624
020 _a9780582305625
040 _aDLC
_cDLC
_dDLC
050 0 0 _aHB171.5
_b.H3254 1994
082 0 0 _a330
_220
_bHAR/I
100 _aHardwick, Philip
_9923
245 1 3 _aAn introduction to modern economics /
_cPhilip Hardwick, Bahadur Khan, John Langmead.
250 _a4th ed.
260 _aLondon ;
_aNew York :
_bLongman,
_c1994.
300 _axiii, 632 p. :
_bill. ;
_c24 cm.
504 _aIncludes bibliographical references and index.
650 0 _aEconomics.
700 1 _aKhan, Bahadur
_9971
700 1 _aLangmead, John
_9972
906 _a7
_bcbc
_corignew
_d1
_eocip
_f19
_gy-gencatlg
942 _2ddc
_cBK
_h330
_iHAR/I
_k330
_mHAR/I